000 00331nam a2200133Ia 4500
008 240624s9999 xx 000 0 und d
041 _aeng
082 _a658.4092 PHI
100 _aPHILLIPS JACK J
245 _aLEADERSHIP SCORECARD
260 _c2007
_aNew Delhi
_bElsevier
300 _axviii, : 321p. : cm. ; 22
365 _cRS
_b33
999 _c4684
_d4684